1226 1985 1839 1455 1878 1922 1720 1341 1092 1070 1726 1257 1060 1530 1994 1530 1670 1460 1899 1979 1131 1797 1819 1733 1353 1445 1408 1976 1628 1106 1524 1843 1150 1702 1217 1825 1582 1200 1759 1311 1736 1191 1459 1612 1672 1709 1354 1389 1853 1552 1773 1419 1998 1756 1552 1868 1823 1431 1226 1368 1761 1094 1628 1619 1576 1551 1548 1704 1588 1301 1526 1427 1228 1631 1901 1353 1076 1777 1931 1184 1566 1855 1705 1659 1017 1433 1129 1894 1718 1812 1523 1281 1612 1302 1452 1049 1222 1132 1462 BCNSPRNW ULIB Ver.6.0+V

เปลี่ยนเป็นภาษาไทย

Change to English
 แสดงรายละเอียดบรรณานุกรม
  กลับหน้าหลัก

Brief Record : Get Marc (ISO 2709) : E-mail record : QR code < ปิดหน้าต่าง
LEADER : 00000nam 2200000uu 4500
001    13399114576
003     ULIB
008    120418s2542||||th 000 0 tha d
020    ^a9747379899
090    ^aนว.^bว527ห 2542
100 0  ^aพลตรี หลวงวิจิตรวาทการ
245 00 ^aห้วงรัก - เหวลึก เล่ม 2 /^cพลตรี หลวงวิจิตรวาทการ
250    ^aพิมพ์ครั้งที่ 3
260    ^aกรุงเทพฯ :^bสร้างสรรค์บุ๊คส์,^c2542
300    ^a764 หน้า
710 1  ^aสร้างสรรค์บุ๊คส์
945    ^p780^l0^i16538
995    ^aกัณชพร
999    ^aใช้งานได้ทุกระบบ
รายการนี้ยังไม่มีแท็ก
คุณยังไม่ได้ล็อกอิน คุณสามารถมีกิจกรรมร่วมกับเว็บไซต์ได้ แต่ต้องล็อกอินก่อน ::
  ล็อกอิน

รายการสื่อสารสนเทศ

ลำดับที่ ประเภท เลขเรียก/บาร์โค้ด สถานที่ สถานะ
1. วิทยาศาสตร์การแพทย์ และสุขภาพ
วิทยาศาสตร์การแพทย์ และสุขภาพ
นว. ว527ห 2542  
  Barcode: 16538
ห้องสมุดวิทยาเขตสวรรค์ประชารักษ์
►นวนิยาย
บนชั้น
  ขอยืม

รายการใกล้เคียง
    ผู้แต่ง [พลตรี หลวงวิจิตรวาทการ]

BibComment


ยังไม่เคยถูกคอมเมนท์

คอมเมนท์ทรัพยากรรายการนี้
  คอมเมนท์: ห้วงรัก เหวลึก ..


 Copyright 2026. Bcnsprnw @Library